[Event "FRA-ch op-D"]
[Site "L'Alpe d'Huez"]
[Date "2023.08.24"]
[Round "6"]
[White "Grulier, Arnold"]
[Black "Barbaggi, Sasha"]
[Result "1-0"]
[WhiteElo "1438"]
[BlackElo "1457"]
[PlyCount "87"]
[EventDate "2023.08.19"]
[EventType "swiss"]
[EventRounds "9"]
[EventCountry "FRA"]
[SourceTitle "EXT 2024"]
[Source "ChessBase"]
[SourceDate "2023.10.10"]
[SourceVersion "1"]
[SourceVersionDate "2023.10.10"]
[SourceQuality "1"]

1. d4 Nf6 2. Nf3 g6 3. c4 d6 4. Nc3 Nbd7 5. e4 e5 6. Be2 Bg7 7. 0-0 0-0 8. Be3 exd4 9. Nxd4 Nc5 10. Qc2 Re8 11. f3 a5 12. Nb3 Nxb3 13. Qxb3 c6 14. Rfd1 Qe7 15. Bf4 Rd8 16. Qa3 Bf8 17. Bg5 d5 18. Qxe7 Bxe7 19. cxd5 Rd7 20. d6 Bd8 21. Na4 b5 22. Nc5 Bb6 23. Rac1 Ne8 24. e5 Ng7 25. Be3 Ne6 26. Kf2 Bxc5 27. Bxc5 Bb7 28. Ke3 Re8 29. f4 f5 30. g4 g5 31. gxf5 gxf4+ 32. Kf3 Ng5+ 33. Kxf4 Nh3+ 34. Ke4 Ng5+ 35. Kf4 Nh3+ 36. Kg4 Rxe5 37. Kxh3 Rxe2 38. Re1 Rxb2 39. Re7 Rxe7 40. dxe7 Kf7 41. Re1 Ke8 42. Rd1 Re2 43. Rd8+ Kf7 44. Rf8+ 1-0

[Event "FRA-ch op-D"]
[Site "L'Alpe d'Huez"]
[Date "2023.08.22"]
[Round "4"]
[White "Barbaggi, Sasha"]
[Black "Chevillon, Manon"]
[Result "1-0"]
[WhiteElo "1457"]
[BlackElo "1526"]
[PlyCount "131"]
[EventDate "2023.08.19"]
[EventType "swiss"]
[EventRounds "9"]
[EventCountry "FRA"]
[SourceTitle "EXT 2024"]
[Source "ChessBase"]
[SourceDate "2023.10.10"]
[SourceVersion "1"]
[SourceVersionDate "2023.10.10"]
[SourceQuality "1"]

1. e4 e5 2. Nf3 Nc6 3. Bc4 Nf6 4. d4 exd4 5. 0-0 Nxe4 6. Re1 d5 7. Bxd5 Qxd5 8. Nc3 Qa5 9. Nxe4 Be6 10. Neg5 0-0-0 11. Nxe6 fxe6 12. Rxe6 Bd6 13. Bg5 Rde8 14. Qe2 Kd7 15. Re1 Qxe1+ 16. Nxe1 Rxe6 17. Qg4 Rhe8 18. Nd3 h6 19. Bf4 Kd8 20. f3 Bxf4 21. Nxf4 Re1+ 22. Kf2 g5 23. Nd3 R1e2+ 24. Kg3 Rxc2 25. Nb4 Rd2 26. Nxc6+ bxc6 27. Qf5 Rxb2 28. Qf6+ Kc8 29. Qxd4 Ree2 30. f4 Rxg2+ 31. Kf3 Rgf2+ 32. Kg3 gxf4+ 33. Kg4 Rxh2 34. Qxa7 Rxa2 35. Qc5 Rhc2 36. Qf8+ Kb7 37. Qb4+ Ka6 38. Qxf4 Rg2+ 39. Kh5 Rh2+ 40. Kg6 Rhc2 41. Qxc7 c5 42. Qc6+ Ka5 43. Qa8+ Kb4 44. Qb7+ Kc4 45. Qe4+ Kc3 46. Qf3+ Kb2 47. Qb7+ Kc1 48. Qh1+ Kd2 49. Qg2+ Kc3 50. Qf3+ Kd4 51. Qf4+ Kd5 52. Qf5+ Kd6 53. Qf6+ Kc7 54. Qf7+ Kb6 55. Qe6+ Ka5 56. Qc8 c4 57. Qa8+ Kb4 58. Qb7+ Ka3 59. Qa8+ Kb2 60. Qb7+ Kc3 61. Qg7+ Kd3 62. Qd7+ Ke2 63. Qe6+ Kd1 64. Qd5+ Kc1 65. Qh1+ Kb2 66. Qb7+ 1-0

[Event "FRA-ch Blitz Online Qual"]
[Site "Europe Echecs INT"]
[Date "2020.05.16"]
[Round "9"]
[White "Fernandez, Maylis"]
[Black "Barbaggi, Sasha"]
[Result "1-0"]
[WhiteElo "1165"]
[BlackElo "1375"]
[PlyCount "117"]
[EventDate "2020.05.16"]
[EventType "swiss (blitz)"]
[EventRounds "15"]
[EventCountry "FRA"]
[SourceTitle "CBM 196 Extra"]
[Source "ChessBase"]
[SourceDate "2020.07.31"]
[SourceVersion "1"]
[SourceVersionDate "2020.07.31"]
[SourceQuality "1"]

1. e4 e6 2. f4 d5 3. Nc3 dxe4 4. Nxe4 Nf6 5. Nxf6+ Qxf6 6. g3 Qd4 7. d3 Qd5 8. Qf3 Qxf3 9. Nxf3 Bd7 10. Be3 Bc6 11. Bg2 Bd6 12. 0-0-0 0-0 13. Rhg1 Bd5 14. Ne5 Bxg2 15. Rxg2 Bxe5 16. fxe5 Nc6 17. d4 Nb4 18. Kb1 Rad8 19. a3 Na6 20. Rgd2 f6 21. Bf4 fxe5 22. Bxe5 c5 23. dxc5 Rxd2 24. Rxd2 Nxc5 25. Bd4 Ne4 26. Re2 Rf1+ 27. Ka2 Nf6 28. Rxe6 Rh1 29. h4 Rh2 30. Bxf6 gxf6 31. Rxf6 Rxc2 32. Rd6 b6 33. Rd7 a5 34. Rb7 Rg2 35. Rxb6 Rxg3 36. Ra6 Rh3 37. Rxa5 Rxh4 38. Rf5 h5 39. b4 Rh2+ 40. Kb3 h4 41. Rh5 h3 42. a4 Rh1 43. a5 h2 44. Kb2 Kg7 45. b5 Kg6 46. Rh8 Kg5 47. b6 Kg4 48. b7 Kg3 49. b8Q+ Kg2 50. Rg8+ Kf3 51. Qb7+ Kf2 52. Qxh1 Ke3 53. Qxh2 Kd4 54. Qh3 Ke5 55. Rg4 Kd6 56. Qh5 Ke6 57. Rg6+ Kf7 58. Qh7+ Ke8 59. Rg8# 1-0

[Event "FRA-ch Blitz Online Qual"]
[Site "Europe Echecs INT"]
[Date "2020.05.16"]
[Round "15"]
[White "Varin, Timeo"]
[Black "Barbaggi, Sasha"]
[Result "1-0"]
[WhiteElo "1287"]
[BlackElo "1375"]
[PlyCount "103"]
[EventDate "2020.05.16"]
[EventType "swiss (blitz)"]
[EventRounds "15"]
[EventCountry "FRA"]
[SourceTitle "CBM 196 Extra"]
[Source "ChessBase"]
[SourceDate "2020.07.31"]
[SourceVersion "1"]
[SourceVersionDate "2020.07.31"]
[SourceQuality "1"]

1. e4 e6 2. d4 d5 3. Nd2 Nf6 4. e5 Nfd7 5. Bd3 c5 6. c3 Nc6 7. Ne2 cxd4 8. cxd4 Be7 9. 0-0 0-0 10. Nf3 Nb6 11. Qc2 Nb4 12. Qc3 Nxd3 13. Qxd3 Nc4 14. b3 Nb6 15. a4 Qc7 16. Bd2 f6 17. a5 Nd7 18. Nf4 fxe5 19. Nxe6 Rxf3 20. Qxf3 Qc2 21. Qc3 Qxc3 22. Bxc3 exd4 23. Nxd4 Bf6 24. Nb5 a6 25. Bxf6 Nxf6 26. Nc7 Rb8 27. Rfd1 Bg4 28. f3 Rc8 29. Nxd5 Be6 30. Nxf6+ gxf6 31. Rab1 Rc3 32. Rdc1 Rxb3 33. Rxb3 Bxb3 34. Rc7 Bd5 35. Kf2 b5 36. axb6 a5 37. b7 Bxb7 38. Rxb7 a4 39. Ra7 f5 40. Rxa4 f4 41. Ra7 h5 42. g3 fxg3+ 43. hxg3 h4 44. gxh4 Kh8 45. Ke3 Kg8 46. Kf4 Kh8 47. Kf5 Kg8 48. Kg6 Kf8 49. h5 Ke8 50. h6 Kf8 51. h7 Ke8 52. h8Q# 1-0